MULTIMEDIA, ANNO 03-N.11/12 (1993) (Record n. 114555)
[ formato base ]
| 000 -LEADER | |
|---|---|
| fixed length control field | 00916nas a2200253Ia 4500 |
| 001 - CONTROL NUMBER | |
| control field | R137/B5078 |
| 003 - CONTROL NUMBER IDENTIFIER | |
| control field | IT-RoPAU |
| 008 - FIXED-LENGTH DATA ELEMENTS--GENERAL INFORMATION | |
| fixed length control field | 151124c99999999xx |||||||||||| ||und|| |
| 040 ## - CATALOGING SOURCE | |
| Original cataloging agency | IT-RoPAU |
| 040 ## - CATALOGING SOURCE | |
| Transcribing agency | IT-RoPAU |
| 041 ## - LANGUAGE CODE | |
| Language code of text/sound track or separate title | ITALIANO |
| 100 ## - MAIN ENTRY--PERSONAL NAME | |
| Personal name | Santucci Umberto |
| Miscellaneous information | Codice Aut. SPICS: 1611 |
| 210 ## - ABBREVIATED TITLE | |
| Abbreviated title | MULTIMEDIA |
| 222 ## - KEY TITLE | |
| Key title | Multimedia |
| 245 ## - TITLE STATEMENT | |
| Title | MULTIMEDIA, ANNO 03-N.11/12 (1993) |
| Remainder of title | Professionista Multimediale (Il) |
| 250 ## - EDITION STATEMENT | |
| Edition statement | 1a ed. |
| 260 ## - PUBLICATION, DISTRIBUTION, ETC. (IMPRINT) | |
| Place of publication, distribution, etc. | TORINO |
| Name of publisher, distributor, etc. | SONDA |
| Date of publication, distribution, etc. | 1993 |
| 300 ## - PHYSICAL DESCRIPTION | |
| Extent | 7 p. [23-29] |
| 362 ## - DATES OF PUBLICATION AND/OR SEQUENTIAL DESIGNATION | |
| Dates of publication and/or sequential designation | ANNO 003, N.11/12 (1993) |
| 501 ## - WITH NOTE | |
| -- | Paulus - SPICS - Società San Paolo EM (non-commercial uses only) |
| -- | Copyright2015 |
| 500 ## - GENERAL NOTE | |
| General note | Natura del Professionista Multimediale e Sua Situazione Giuridica. Individuo e Gruppo. Campo Multimediale. Equipe Multimediale. Criteri di Valutazione. Etica Professionale. |
| 650 ## - SUBJECT ADDED ENTRY--TOPICAL TERM | |
| Topical term or geographic name as entry element | COMUNICAZIONE |
| Form subdivision | PUBBLICAZIONE PERIODICA |
| 942 ## - ADDED ENTRY ELEMENTS (KOHA) | |
| Koha item type | RIVISTA |
| Withdrawn status | Lost status | Damaged status | Not for loan | Home library | Current library | Date acquired | Total Checkouts | Full call number | Date last seen | Price effective from | Koha item type | Public note |
|---|---|---|---|---|---|---|---|---|---|---|---|---|
| Buone Condizioni | Not For Loan | SPICS-MEDIATECA | SPICS-MEDIATECA | 25/11/2015 | R137/B5078 | 25/11/2015 | 25/11/2015 | RIVISTA | Progr. Ins: 58184 / Copia rara: NO / date import: 25.11.2015 / By Epidotti, Trombetti, Vaglietti |